00356nam a2200145Ia 4500008004100000041000800041082001700049100002400066245001800090260002800108300000900136440001000145500002300155700003200178230125s9999 xx 000 0 und d aeng a620.658bICF aVedpuriswar A V, ed aPharma sector c2001bICFAI publication a189p aICFAI aICFAI Case Studies aVedpuriswar A V, ed & ICFAI